| 000 | 00795nam a22002297a 4500 | ||
|---|---|---|---|
| 999 |
_c14784 _d14784 |
||
| 003 | AR-CdUCM | ||
| 008 | 190424b ||||| |||| 00| 0 spa d | ||
| 020 | _a978-84-9825-187-6 | ||
| 040 |
_aMUNICIPALIDAD PROVINCIAL DEL CUSCO _cBIBLIOTECA MUNICIPAL DEL CUSCO |
||
| 082 |
_aPI / 376.1 / _bC73 |
||
| 110 |
_aCombel _932671 |
||
| 245 |
_aMis adhesivos 2 : _banimales y números / |
||
| 260 |
_aBarcelona : _bCombel. _c2007. |
||
| 300 |
_a16 paginas ; _bIlustraciones con adhesivos,, _c25 cm. |
||
| 500 | _aTitulo original :Mes autocollants amusants | ||
| 650 |
_aLibros para niños (as) _933674 |
||
| 650 |
_aCuentos para niños _933675 |
||
| 650 |
_aPega con tu imaginación _933676 |
||
| 650 |
_aAdhesivos de números y animales _933681 |
||
| 942 |
_2ddc _cLIBROS |
||
| 945 |
_awnts _d2019-04-24 |
||